000
00327 a2200157 4500
001
155534
040
_c
Escola São Tomás de Aquino
100
_a
NICOLA, José de
240
1
0
_a
língua
_l
por
245
1
0
_a
língua
300
_a
392
362
0
_a
2009
440
1
_a
Scipione
697
_a
Língua portuguesa
942
_c
BK
999
_c
155534
_d
155534